000 00690nam a2200277Ia 4500
005 20260324135910.0
008 008 260324s9999 xx 000 0 eng d
020 _a9780203776087
037 _aEBOOK
040 _aCRL
040 _beng
040 _cCRL
041 _2eng
041 _aeng
084 _qCRL
100 _aGina Conti-Ramsden; Miguel Perez-Pereira
_91202337
245 0 _aLanguage Development and Social Interaction in Blind Children
260 _bTaylor and Francis
260 _c1999
365 _a
365 _b230
856 _uhttp://www.taylorfrancis.com/books/9780203776087
942 _cEBOOK
999 _c1803878
_d1803878